[Event "Swiss Queens Wed #13"]
[Site "FIDE Online Arena INT"]
[Date "2024.04.24"]
[Round "4"]
[White "Hilario Huaranca, Aleyla Karen"]
[Black "Nevska, Gerda"]
[Result "0-1"]
[WhiteElo "1932"]
[BlackElo "1872"]
[PlyCount "78"]
[EventDate "2024.04.24"]
[EventType "swiss (blitz)"]
[EventRounds "11"]
[EventCountry "NET"]
[SourceTitle "CBM 219 Extra"]
[Source "ChessBase"]
[SourceDate "2024.05.31"]
[SourceVersion "1"]
[SourceVersionDate "2024.05.31"]
[SourceQuality "1"]

1. d4 Nc6 2. c4 e5 3. d5 Nce7 4. d6 Ng6 5. dxc7 Qxc7 6. e3 Bc5 7. Nc3 Nf6 8. Bd2 0-0 9. Nf3 a5 10. Rc1 d6 11. Be2 Bg4 12. 0-0 Rad8 13. h3 Bxf3 14. Bxf3 Nh4 15. Bd5 Qe7 16. a3 Nxd5 17. Nxd5 Qd7 18. b4 axb4 19. axb4 Ba7 20. b5 Bc5 21. Qh5 Ng6 22. Kh1 f5 23. f4 exf4 24. exf4 Rde8 25. Bc3 Re4 26. Ba1 Ne7 27. Nxe7+ Qxe7 28. Qf3 b6 29. Rfd1 Re8 30. Kh2 Qh4 31. Rf1 Be3 32. g3 Qh6 33. Rc2 Bc5 34. Rd1 Qe6 35. Rcd2 Re2+ 36. Kh1 Rxd2 37. Rxd2 Qe1+ 38. Kg2 Qxd2+ 39. Kh1 Re1+ 0-1

[Event "Swiss Queens Wed #9"]
[Site "FIDE Online Arena INT"]
[Date "2024.03.27"]
[Round "5"]
[White "Hilario Huaranca, Aleyla Karen"]
[Black "Hernandez Bonilla, Amelia"]
[Result "1/2-1/2"]
[WhiteElo "1932"]
[BlackElo "1976"]
[PlyCount "132"]
[EventDate "2024.03.27"]
[EventType "swiss (blitz)"]
[EventRounds "11"]
[EventCountry "NET"]
[SourceTitle "CBM 219 Extra"]
[Source "ChessBase"]
[SourceDate "2024.05.31"]
[SourceVersion "1"]
[SourceVersionDate "2024.05.31"]
[SourceQuality "1"]

1. d4 Nf6 2. c4 e6 3. Nf3 Bb4+ 4. Bd2 a5 5. g3 0-0 6. Bg2 d6 7. 0-0 Bxd2 8. Nbxd2 Nbd7 9. e4 e5 10. Re1 Re8 11. Qc2 b6 12. Rad1 exd4 13. Nxd4 Bb7 14. Nb1 Rb8 15. Nc3 Nc5 16. a3 Ne6 17. b4 axb4 18. axb4 Nxd4 19. Rxd4 Nd7 20. Red1 Ne5 21. c5 bxc5 22. bxc5 Nc6 23. R4d2 Re6 24. Nd5 Ne7 25. Nf4 Rh6 26. cxd6 Rxd6 27. Rxd6 cxd6 28. Qd3 Nc8 29. e5 Bxg2 30. Kxg2 Rb6 31. Qf5 Ne7 32. Qg4 Ng6 33. exd6 Rxd6 34. Rxd6 Qxd6 35. Qc8+ Qf8 36. Qc4 Nxf4+ 37. Qxf4 Qa8+ 38. f3 h6 39. g4 Qa2+ 40. Kg3 Qe2 41. Qb8+ Kh7 42. Qb1+ g6 43. h4 Qe5+ 44. Kh3 Qf4 45. Qb3 Kg7 46. Qd3 h5 47. g5 Qe5 48. Kg2 Qb2+ 49. Kg3 Qe5+ 50. f4 Qe6 51. Qd4+ Kh7 52. Qd1 Qe3+ 53. Qf3 Qxf3+ 54. Kxf3 Kg7 55. Ke4 Kf8 56. Kd5 Ke7 57. Ke5 Ke8 58. Kf6 Kf8 59. f5 gxf5 60. Kxf5 Kg7 61. Ke5 Kg6 62. Ke4 f6 63. Kf4 fxg5+ 64. hxg5 h4 65. Kg4 h3 66. Kxh3 Kxg5 1/2-1/2

[Event "Swiss Queens Wed #9"]
[Site "FIDE Online Arena INT"]
[Date "2024.03.27"]
[Round "8"]
[White "Hilario Huaranca, Aleyla Karen"]
[Black "Shanmathi Sree, S."]
[Result "1-0"]
[WhiteElo "1932"]
[BlackElo "1802"]
[PlyCount "167"]
[EventDate "2024.03.27"]
[EventType "swiss (blitz)"]
[EventRounds "11"]
[EventCountry "NET"]
[SourceTitle "CBM 219 Extra"]
[Source "ChessBase"]
[SourceDate "2024.05.31"]
[SourceVersion "1"]
[SourceVersionDate "2024.05.31"]
[SourceQuality "1"]

1. d4 d6 2. c4 Nf6 3. Nf3 g6 4. g3 Bg7 5. Bg2 0-0 6. 0-0 Nbd7 7. Nc3 c6 8. h3 Re8 9. e4 e5 10. Re1 Qc7 11. Be3 Nf8 12. Qc2 Be6 13. b3 h5 14. Rad1 Rac8 15. d5 cxd5 16. exd5 Bf5 17. Qb2 Qd7 18. Bxa7 Bxh3 19. Bh1 Ra8 20. Be3 Bg4 21. Rd2 Bxf3 22. Bxf3 Ng4 23. Bb6 Rec8 24. Qb1 Ra6 25. Bxg4 Qxg4 26. Be3 h4 27. Ne2 hxg3 28. fxg3 Nd7 29. Bf2 Bh6 30. Rc2 Nf6 31. Nc3 Qf5 32. Rce2 Qh5 33. Kg2 Ng4 34. Rh1 Qg5 35. Ne4 Qf5 36. Nd2 Qxb1 37. Nxb1 Nxf2 38. Rxh6 Kg7 39. Rh4 Nd3 40. Nc3 Nc1 41. Rc2 Nd3 42. Rh1 Nb4 43. Re2 Rca8 44. a4 Rb6 45. Nb5 Nd3 46. Rd1 Nc5 47. Rb2 Rba6 48. Ra1 Rh8 49. a5 Raa8 50. b4 Na6 51. Rc1 Rad8 52. Nc3 Rh5 53. Na4 Rdh8 54. Kf3 Rf5+ 55. Ke4 Rh3 56. Rc3 Rh1 57. c5 Re1+ 58. Re3 Rxe3+ 59. Kxe3 dxc5 60. bxc5 e4 61. Kxe4 Kf6 62. Rxb7 Re5+ 63. Kd4 Re1 64. Rb6+ Kf5 65. Rxa6 Rd1+ 66. Kc4 Rc1+ 67. Kb5 Ra1 68. Kc6 Rb1 69. d6 Rb7 70. Kxb7 Ke6 71. Kc7 Kd5 72. d7 Kc4 73. d8Q f5 74. Qd6 f4 75. Rb6 fxg3 76. Qxg3 g5 77. Qb3+ Kd4 78. Rb4+ Ke5 79. Qd3 g4 80. Re4+ Kf6 81. Qd5 Kg6 82. Re6+ Kf7 83. Qd7+ Kf8 84. Re8# 1-0